000 00602nam a2200241Ia 4500
005 20260430150254.0
008 008 250103s9999 xx 000 0 eng d
037 _aTheses
040 _aCRL
040 _beng
040 _ceng
041 _2eng
041 _aeng
084 _qCRL
100 _aMohammad Anas Au.; Mohammad Kazim Gu.
_91236997
245 0 _aParsi theatre ki technik aur uski peshkash
260 _c2020
300 _a285p.
650 _aPersian Drama
700 _aUniversity of Delhi. Faculty of Arts. Department of Urdu
942 _cTH
999 _c1849387
_d1849387